| 000 | 00457cam a22001217a 4500 | ||
|---|---|---|---|
| 008 | 180718b xxu||||| |||| 00| 0 eng d | ||
| 082 | _aT3942x54 In2/BICY/1963 | ||
| 100 | _aTariff Commission | ||
| 245 |
_aReport on the continuance of protection to the bicycle industry, Bombay _cby Tariff Commission, India |
||
| 260 |
_aDelhi _bThe Manager of Publications _c |
||
| 500 | _aChairman: K.R.P. Aiyangar, Library has 1961 1964 | ||
| 700 | _aAiyangar, K.R.P. (Chairman) | ||
| 999 |
_c489782 _d489782 |
||